<?xml version="1.0" encoding="UTF-8"?>
<record
    xmlns:xsi="http://www.w3.org/2001/XMLSchema-instance"
    xsi:schemaLocation="http://www.loc.gov/MARC21/slim http://www.loc.gov/standards/marcxml/schema/MARC21slim.xsd"
    xmlns="http://www.loc.gov/MARC21/slim">

  <leader>01422    a2200205   4500</leader>
  <controlfield tag="001">53996</controlfield>
  <controlfield tag="005">20260407155810.0</controlfield>
  <controlfield tag="008">260407a1964    arg                 spa d</controlfield>
  <controlfield tag="003">AR-UNSa-BCEJYS</controlfield>
  <datafield tag="040" ind1=" " ind2=" ">
    <subfield code="a">AR-UNSa-BCEJYS</subfield>
    <subfield code="b">spa</subfield>
    <subfield code="c">AR-UNSa-BCEJYS</subfield>
  </datafield>
  <datafield tag="080" ind1=" " ind2=" ">
    <subfield code="a">330</subfield>
    <subfield code="x">Econom&#xED;a en general</subfield>
  </datafield>
  <datafield tag="245" ind1="1" ind2="0">
    <subfield code="a">Introducci&#xF3;n a la ciencia econ&#xF3;mica contemporanea</subfield>
  </datafield>
  <datafield tag="250" ind1=" " ind2=" ">
    <subfield code="a">2a.ed.</subfield>
  </datafield>
  <datafield tag="264" ind1=" " ind2="1">
    <subfield code="a">Barcelona :</subfield>
    <subfield code="b">Ediciones Ariel</subfield>
    <subfield code="c">1964</subfield>
  </datafield>
  <datafield tag="300" ind1=" " ind2=" ">
    <subfield code="a">541 p.</subfield>
    <subfield code="c">20 cm.</subfield>
  </datafield>
  <datafield tag="505" ind1=" " ind2=" ">
    <subfield code="a">Primera parte: Desarrollo hist&#xF3;rico de la ciencia econ&#xF3;mica - I. Cuestiones preliminares - II. Etapas del desarrollo - Segunda parte: Desarrollo dogm&#xE1;tico de la ciencia econ&#xF3;mica - III. An&#xE1;lisis marginal - IV. Equilibrio econ&#xF3;mico - V. Morfolog&#xED;a econ&#xF3;mica - VI. An&#xE1;lisis macroecon&#xF3;mico - VII. Investigaci&#xF3;n operacional - VIII. An&#xE1;lisis din&#xE1;mico - IX. Desarrollo econ&#xF3;mico - X. An&#xE1;lisis dinerario - XI. An&#xE1;lisis espacial - XII. Equilibrio econ&#xF3;mico espacial - XIII. Tipolog&#xED;a espacial - XIV. Econom&#xED;a nacional - XV. Econom&#xED;a de empresa - XVI. La regi&#xF3;n latinoamericana - XVII. Asistencia t&#xE9;cnica para el desarrollo latinoamericano - XVIII. Alianza para el progreso latinoamericano - Tercera parte: Desarrollo de la documentaci&#xF3;n econ&#xF3;mica contempor&#xE1;nea - XIX. Naturaleza de la documnetaci&#xF3;n econ&#xF3;mica - XX. Fuentes de documentaci&#xF3;n</subfield>
  </datafield>
  <datafield tag="942" ind1=" " ind2=" ">
    <subfield code="c">BK</subfield>
  </datafield>
  <datafield tag="590" ind1=" " ind2=" ">
    <subfield code="a">niveau_biblio:m niveau_hierar:0</subfield>
  </datafield>
  <datafield tag="100" ind1="1" ind2=" ">
    <subfield code="a">Popescu, Oreste</subfield>
  </datafield>
  <datafield tag="999" ind1=" " ind2=" ">
    <subfield code="c">5316</subfield>
    <subfield code="d">5316</subfield>
  </datafield>
  <datafield tag="952" ind1=" " ind2=" ">
    <subfield code="0">0</subfield>
    <subfield code="1">0</subfield>
    <subfield code="4">0</subfield>
    <subfield code="7">0</subfield>
    <subfield code="a">BCEJYS</subfield>
    <subfield code="b">BCEJYS</subfield>
    <subfield code="c">16</subfield>
    <subfield code="d">2026-04-07</subfield>
    <subfield code="l">0</subfield>
    <subfield code="o">330 P825</subfield>
    <subfield code="p">L20811</subfield>
    <subfield code="r">2026-04-07 15:58:10</subfield>
    <subfield code="w">2026-04-07</subfield>
    <subfield code="y">L</subfield>
  </datafield>
</record>
